Statistics for Знамената на държавите в света

Click here to take the quiz!

General Stats

  • This quiz has been taken 356 times
  • The average score is 88 of 196

Answer Stats

Answer% Correct
Канада
96%
САЩ
95%
Русия
95%
Франция
93%
Великобритания
93%
Италия
93%
Япония
92%
България
92%
Бразилия
91%
Южна Корея
91%
Австралия
91%
Гърция
90%
Ирландия
88%
Турция
86%
Швеция
85%
Китай
85%
Белгия
84%
Албания
84%
Финландия
84%
Испания
83%
Израел
83%
Нова Зеландия
83%
Швейцария
83%
Германия
82%
Дания
82%
Нидерландия
82%
Норвегия
82%
Индия
80%
Кипър
80%
Полша
79%
Исландия
78%
Северна Македония
78%
Унгария
78%
Аржентина
78%
Косово
76%
Мексико
73%
Грузия
72%
Саудитска Арабия
72%
Ямайка
70%
Ватикана
70%
Виетнам
70%
Сърбия
68%
Австрия
68%
Непал
67%
Чехия
67%
Хърватия
67%
Египет
66%
Сан Марино
66%
Малта
66%
Словакия
65%
Бангладеш
65%
Пакистан
65%
ЮАР
65%
Уругвай
62%
Тунис
61%
Словения
60%
Босна и Херцеговина
59%
Казахстан
59%
Ливан
59%
Бутан
58%
Естония
58%
Азербайджан
58%
Румъния
57%
Индонезия
57%
Иран
57%
Алжир
57%
Ирак
56%
Монако
55%
Северна Корея
55%
Португалия
54%
Чили
53%
Малайзия
51%
Кот д'Ивоар
51%
Перу
51%
Кения
49%
Люксембург
49%
Камерун
48%
Беларус
48%
Венецуела
48%
Мадагаскар
48%
Украйна
47%
Филипини
47%
Сирия
47%
Панама
46%
Куба
46%
Сингапур
46%
Туркменистан
45%
Мароко
44%
Тайланд
43%
Доминиканска република
43%
Лихтенщайн
43%
Малдиви
42%
Папуа Нова Гвинея
41%
Нигер
41%
Сомалия
40%
Барбадос
40%
Нигерия
40%
Колумбия
39%
Узбекистан
39%
ОАЕ
39%
Андора
38%
Молдова
38%
Палау
38%
Армения
36%
Литва
36%
Камбоджа
36%
Йемен
36%
Шри Ланка
36%
Черна гора
35%
Оман
34%
Либия
34%
Катар
34%
Габон
34%
Буркина Фасо
33%
Мианмар
33%
Етиопия
33%
Еквадор
33%
Йордания
32%
Чад
32%
Ангола
32%
Кувейт
32%
Таджикистан
31%
Сенегал
31%
Афганистан
30%
Тонга
30%
Коста Рика
29%
Латвия
29%
Парагвай
29%
Лаос
29%
Мавритания
29%
Бруней
29%
Тайван
29%
Хондурас
28%
Танзания
28%
Сейшели
28%
ДР Конго
28%
Бахрейн
27%
Мозамбик
27%
Либерия
27%
Тринидад и Тобаго
26%
Хаити
25%
Антигуа и Барбуда
24%
Кирибати
24%
Судан
24%
Зимбабве
24%
Есватини
24%
Бахами
23%
Монголия
23%
Южен Судан
23%
Екваториална Гвинея
23%
Гана
22%
Малави
22%
Мали
22%
Комори
22%
Кабо Верде
22%
Никарагуа
21%
Микронезия
21%
Салвадор
21%
Конго
20%
Намибия
20%
Уганда
20%
Ботсвана
20%
Белиз
19%
Науру
19%
Суринам
18%
Еритрея
18%
Бурунди
18%
Самоа
18%
Того
18%
Гренада
17%
Бенин
17%
Маршали
17%
Руанда
17%
Киргизстан
17%
Джибути
16%
Доминика
15%
Източен Тимор
15%
Гаяна
15%
Фиджи
14%
Боливия
14%
Вануату
14%
Мавриций
13%
Лесото
13%
Гвинея
13%
Сиера Леоне
13%
Сейнт Китс и Невис
11%
Гвинея Бисау
11%
Замбия
11%
Сао Томе и Принсипи
10%
ЦАР
10%
Гватемала
9%
Гамбия
8%
Тувалу
7%
Сейнт Лусия
7%
Соломонови острови
6%
Сейнт Винсънт и Гренадини
3%

Score Distribution

Percentile by Number Answered

Percent of People with Each Score

Your Score History

You have not taken this quiz